01017nam a2200289 i 4500001000700000003000900007005001700016007000300033008004100036080001000077080001800087111004800105245007700153250001200230260003400242300002100276490004600297490002900343500003400372650002300406700004400429830005400473830003700527852002200564999001900586952012200605114899ES-MaACL20260130132650.0t|070208s1965 sp ||||1| spa d a261.8 a262.5 Vat. II2 aConcilio Vaticano (n2º. d1962-1965)912210aDecreto sobre el ecumenismo / cintroducción: Adalberto Mª Franquesa. a1ª ed. aBarcelona : bEstela, c1965. a76 p. ; c20 cm.1 aDocumentos del Concilio Vaticano II ; v51 aColección "Mens Petri" aTexto en español y latín.14aEcumenismo.9120451 aFranquesa, Adalbert, d1908-20059523440 aDocumentos del Concilio Vaticano II ; v591858020 aColección "Mens Petri"9185803 aES-MaACLjC-56626 c114899d114899 00104070aATENEOMbATENEOMcDEPO2d2008-01-17eSCl0oC-56626p1119818r2023-02-23 00:00:00w2023-02-23yMONOGRAFIA